Sonic the Hedgehog characters - Statistics

General Stats
  • This quiz has been taken 501 times
    490 since last reset
  • The average score is 28 of 84
Answer Stats
Character % Correct
Sonic
100%
Knuckles
98%
Ivo Robotnik
97%
Tails
97%
Amy Rose
94%
Shadow
94%
Metal Sonic
84%
Silver
81%
Rouge
78%
Blaze
73%
Cream
72%
Big
69%
Vector
68%
Charmy Bee
67%
Espio
66%
E-123 Omega
64%
Maria Robotnik
63%
Chaos
61%
Gerald Robotnik
56%
Infinite
50%
Mephiles
50%
Black Doom
47%
Sage
47%
Chip
44%
E-102 Gamma
44%
Elise
44%
Zavok
44%
Tikal
38%
Cubot
37%
Orbot
37%
Zazz
36%
Sir Lancelot
31%
Dark Gaia
29%
King Arthur
28%
Froggy
27%
Iblis
27%
Zeena
26%
President
24%
Professor Pickle
23%
Time Eater
23%
Fang
22%
Master Zik
22%
Zor
22%
Sir Percival
21%
Solaris
21%
The End
21%
E-100 Alpha
19%
E-101 Beta
19%
Yacker
19%
Erazor Djinn
18%
Merlina
18%
Shahra
18%
Zomom
18%
Commander
17%
Sir Gawain
17%
Bean
15%
Bark
14%
E-103 Delta
14%
Sir Galahad
13%
Caliburn
12%
E-105 Zeta
12%
Nimue
12%
Sinbad
12%
E-104 Epsilon
11%
Heavy King
11%
Ali Baba
10%
Blacksmith
10%
Heavy Magician
10%
Heavy Shinobi
10%
Heavy Gunner
9%
Heavy Rider
9%
Pachacamac
9%
Duke of Soleanna
8%
Elder
7%
Sir Lamorak
7%
Tiger
7%
Secretary
6%
Dragon
5%
Snake
5%
Crane
4%
Master King
4%
SA-55
4%
King Shahryar
3%
Uhu
3%
No matching quizzes found
Score Distribution
Percent of People with Each Score
Percentile by Number Answered
Your Score History
You have not taken this quiz since the last reset